|
|
|
|
| LEADER |
00000nab a2200000 a 4500 |
| 001 |
vtls000157282 |
| 003 |
SK-MaSNL |
| 005 |
20260304034225.0 |
| 008 |
111104c1983 xo 0 ukr |
| 015 |
|
|
|a SNBRB19rr/mm-uuuuu
|
| 035 |
|
|
|a CL0167389
|
| 040 |
|
|
|a SNKBUCL
|b slo
|c SNKBUCL
|e AACR2
|
| 041 |
0 |
|
|a ukr
|
| 044 |
|
|
|a xo
|c SK
|
| 080 |
|
|
|a 75.071.1
|2 1981
|
| 080 |
|
|
|a 061.4
|2 1981
|
| 080 |
|
|
|a 929 Kresila, Juraj
|2 1981
|
| 100 |
1 |
|
|a Grešlík, Vladislav,
|d 1953-
|4 aut
|9 199496
|
| 245 |
1 |
0 |
|a Juvilejna vystavka Jurija Kresyly
|c Vladislav Grešlik
|
| 300 |
|
|
|b Obr. 3.
|
| 600 |
1 |
7 |
|a Kresila, Juraj,
|d 1932-2007
|2 snkbucl
|9 255275
|
| 650 |
0 |
7 |
|a výstavy
|2 snkbucl
|9 2780
|
| 655 |
|
7 |
|a články z novín a časopisov
|2 snkbucl
|9 267496
|
| 773 |
0 |
|
|t Družno vpered
|g Roč. 32, č. 3 (1983), s. 25
|
| 850 |
|
|
|a Slovenská národná knižnica v Martine
|a MTA001
|
| 852 |
|
|
|a SNK
|b KIS3GCP
|
| 958 |
|
|
|a RK
|
| 992 |
|
|
|a RBX
|
| 999 |
|
|
|c 2652001
|d 2653931
|